| Tag |
First Indicator |
Second Indicator |
Subfields |
| LEADER |
00000cam a2200000 4500 |
| 001 |
in00001010803 |
| 005 |
20150927220155.0 |
| 008 |
750606s1970 xx 00010 fre d |
| 035 |
|
|
|a (OCoLC)01376804
|
| 035 |
|
|
|9 AFD6918AM
|
| 040 |
|
|
|a IUA
|c IUA
|d m.c.
|d TXA
|d UtOrBLW
|
| 049 |
|
|
|a TXAM
|
| 090 |
|
|
|a PQ3919.M33
|b A9 1970
|
| 100 |
1 |
|
|a Martin, Claire.
|
| 245 |
1 |
0 |
|a Avec ou sans amour /
|c Claire Martin.
|
| 264 |
|
1 |
|a Montréal :
|b Cercle du livre de France,
|c [1970]
|
| 264 |
|
4 |
|c ©1970
|
| 300 |
|
|
|a 157 pages ;
|c 17 cm.
|
| 336 |
|
|
|a text
|b txt
|2 rdacontent
|
| 337 |
|
|
|a unmediated
|b n
|2 rdamedia
|
| 338 |
|
|
|a volume
|b nc
|2 rdacarrier
|
| 490 |
1 |
|
|a CLF poche canadien ;
|v 27
|
| 830 |
|
0 |
|a CLF poche Canadien ;
|v 27.
|
| 999 |
|
|
|a MARS
|
| 999 |
f |
f |
|s ba8fd9e9-2c48-3e5d-8e56-7b67898d3a35
|i 545c558a-3e0b-348a-bdc7-c5b8a39a36d2
|t 0
|
| 952 |
f |
f |
|p normal
|a Texas A&M University
|b College Station
|c Sterling C. Evans Library
|d Evans: Library Stacks
|t 0
|e PQ3919.M33 A9 1970
|h Library of Congress classification
|i unmediated -- volume
|m A14814752438
|
| 998 |
f |
f |
|a PQ3919.M33 A9 1970
|t 0
|l Evans: Library Stacks
|